000 00481nam a22001577a 4500
005 20240821141550.0
008 240821b |||||||| |||| 00| 0 eng d
041 _aEnglish/Afrikaans
082 _a349 UNI
100 _lEnglish/Afrikaans
245 _aThe Union Statutes 1910-1947
260 _aDurban:
_bButterworth and Company (Africa) Ltd,
_c1947
300 _bxi, 1072 pages;
_c25 cm.
650 _aLegal practice
_bLaw
942 _cBK
_6ALISON_BN_VRIES
999 _c2756
_d2756